000 00327nam a2200133Ia 4500
999 _c6747
_d6747
003 OSt
008 191201s2018 xx 000 0 und d
100 _aGUPTA, Archana Gorodia
245 0 _aHistory of India for Children Vol II
260 _bHACHETTE INDIA
_c2018
300 _a393
650 _aGeneral Books
942 _2ddc
_cBK